000 00448nam a2200181 a 4500
001 6400
003 CO-ViMGA
008 141112s2004 ck r 000 u spa d
040 _aCO-ViMGA
_bspa
_cCO-ViMGA
082 0 4 _a813.54 K453ca
100 1 _aKing, Stephen
_95157
245 1 0 _aCementerio de animales
260 _aBarcelona :
_bEmece,
_c1994
300 _a441 p
490 _aTop, 12
650 1 4 _aNOVELA ESTADOUNIDENSE
_9761
942 _2ddc
_cBK
999 _c18370
_d18370